LEADER 01907nlm1S2200445--I450- 001 990001206650203316 005 20090605121551.0 035 $a000120665 035 $aUSA01000120665 035 $a(ALEPH)000120665USA01 035 $a000120665 100 $a20031020a19989999|||||itac01 ba 101 $aita$aeng 102 $aIT 200 1 $aITLaw$einformation technology and the law$ean international bibliography (1958-1997)$fcoordinated by C. Ciampi, R. Nannucci$geditorial staff: S. Binazzi ... et al.] 210 $aFirenze$cIDG$d1998 215 $a1 CD ROM$d12 cm 225 0 $aCollana dell'Istituto per la documentazione giuridica del Consiglio nazionale delle ricerche$iSerie CD-Rom$v2 337 $aPc 486 o superiore; 8 MB RAM; 10-120 MB di spazio libero su disco rigido; lettore CD ROM; scheda video SVGA 800x600; Windows 95 o superiore. 410 1$1001$12001$aCollana dell'Istituto per la documentazione giuridica del Consiglio nazionale delle ricerche. Serie CD-Rom$iSerie CD-Rom 463 \1$1001990001542170203316$12001 $aIntroduzione e manuale d'uso 606 $aElaboratori elettronici$xImpiego nella documentazione giuridica$xBibliografia 676 $a343.450999 702 1$aCIAMPI,$bCostantino 702 1$aNANNUCCI,$bRoberta 801 0$aIT$bICCU$c20040214 912 $a990001206650203316 951 $aXXII.1.G 103 (IG XXII 168 (c/o Servizi on line))$b41177 G.$cXXII.1.G 103 (IG XXII)$d00127587 959 $aER 969 $aER 979 $aMARIA$b10$c20031020$lUSA01$h1620 979 $aPATRY$b90$c20040406$lUSA01$h1726 979 $aPATRY$b90$c20070828$lUSA01$h1453 979 $aPATRY$b90$c20070828$lUSA01$h1500 979 $aPATRY$b90$c20070828$lUSA01$h1513 979 $aPATRY$b90$c20070828$lUSA01$h1523 979 $aPATRY$b90$c20070828$lUSA01$h1531 979 $aRSIAV2$b90$c20090605$lUSA01$h1215 996 $aITLaw$9735549 997 $aUNISA LEADER 00959nam0-22002771i-450- 001 990006694310403321 005 20080702134629.0 035 $a000669431 035 $aFED01000669431 035 $a(Aleph)000669431FED01 035 $a000669431 100 $a20010426d--------km-y0itay50------ba 101 0 $ager 102 $aDE 105 $ay-------001yy 200 1 $aAufstieg und Niedergang der Römischen Welt$eGeschichte und Kultur Roms im Spiegel der Neueren Forschung$fherausgegeben von H. Temporini und W. Haase 210 $aBerlin$cDe Gruyter$d1872- 215 $av.$d25 cm 327 0 $a1.: Von den Anfängen Roms bis zum Ausgang der Republik$a2.: Principat 801 0$aIT$bUNINA$gRICA$2UNIMARC 901 $aBK 912 $a990006694310403321 951 $aCOLLEZ. 770$bV. SCHEDONE$eBiblioteca Centrale della Facolt| di Scienze Politiche$fFSPBC 959 $aFSPBC 996 $aAufstieg und niedergang der Romischen welt$988359 997 $aUNINA